| Tag |
First Indicator |
Second Indicator |
Subfields |
| LEADER |
00000pam a2200000 a 4500 |
| 001 |
in00000092302 |
| 005 |
20150923132049.0 |
| 008 |
820127s1982 enkb b 00110 eng |
| 010 |
|
|
|a 82000706
|
| 020 |
|
|
|a 0312370237 :
|c $27.50
|
| 035 |
|
|
|a (OCoLC)08169446
|
| 035 |
|
|
|9 AAK7385AM
|
| 039 |
0 |
|
|a 2
|b 3
|c 3
|d 3
|e 3
|
| 040 |
|
|
|a DLC
|c DLC
|d TXA
|d UtOrBLW
|
| 043 |
|
|
|a e-gr---
|
| 049 |
|
|
|a TXAM
|c [1482140]
|
| 050 |
0 |
0 |
|a D56.52 H45
|b H37 1982
|
| 082 |
0 |
|
|a 938/.0072024
|2 19
|
| 100 |
1 |
|
|a Hart, John,
|d 1936-2011.
|
| 245 |
1 |
0 |
|a Herodotus and Greek history /
|c John Hart.
|
| 264 |
|
1 |
|a London :
|b Croom Helm ;
|a New York :
|b St. Martin's Press,
|c 1982.
|
| 300 |
|
|
|a 227 pages :
|b maps ;
|c 23 cm.
|
| 336 |
|
|
|a text
|b txt
|2 rdacontent
|
| 337 |
|
|
|a unmediated
|b n
|2 rdamedia
|
| 338 |
|
|
|a volume
|b nc
|2 rdacarrier
|
| 500 |
|
|
|a Includes indexes.
|
| 504 |
|
|
|a Bibliography: pages 209-211.
|
| 600 |
0 |
0 |
|a Herodotus.
|
| 651 |
|
0 |
|a Greece
|x Historiography.
|
| 999 |
|
|
|a MARS
|
| 999 |
f |
f |
|s ccd06ce6-a634-386e-8d50-54a23926ddb8
|i a5cfc969-5fc9-344e-b12f-11d4997f9fdd
|t 0
|
| 952 |
f |
f |
|p ric
|a Texas A&M University
|b Rellis Campus
|c Joint Library Facility
|d Remote Storage
|t 0
|e D56.52.H45 H37 1982
|h Library of Congress classification
|i unmediated -- volume
|m A14806006344
|
| 998 |
f |
f |
|a D56.52.H45 H37 1982
|t 0
|l Remote Storage
|